Detalles MARC
| 000 -LEADER |
| campo de control de longitud fija |
01711nam a2200265Ia 4500 |
| 003 - IDENTIFICADOR DE NÚMERO DE CONTROL |
| campo de control |
OSt |
| 005 - FECHA Y HORA DE LA ÚLTIMA TRANSACCIÓN |
| campo de control |
20220810154545.0 |
| 008 - DATOS DE LONGITUD FIJA--INFORMACIÓN GENERAL |
| campo de control de longitud fija |
220726t2012||||xx |||||||||||||| ||spa|| |
| 020 ## - NÚMERO INTERNACIONAL ESTÁNDAR DEL LIBRO |
| Número Internacional Estándar del Libro |
9789929556256 |
| 040 ## - FUENTE DE CATALOGACIÓN |
| Centro catalogador/agencia de origen |
ODONTO |
| Lengua de catalogación |
spa |
| Centro/agencia transcriptor |
ODONTO |
| Centro/agencia modificador |
ODONTO |
| 041 ## - CÓDIGO DE IDIOMA |
| Código de lengua del texto/banda sonora o título independiente |
spa |
| 082 ## - NÚMERO DE LA CLASIFICACIÓN DECIMAL DEWEY |
| Número de clasificación |
370.7 A357 |
| 100 1# - ENTRADA PRINCIPAL--NOMBRE DE PERSONA |
| Nombre de persona |
Aldana Mendoza, Carlos |
| 9 (RLIN) |
2143 |
| 245 #0 - MENCIÓN DEL TÍTULO |
| Título |
Educar en un mundo sociovirtual : |
| Resto del título |
pedagogía en el siglo XXI / |
| Mención de responsabilidad, etc. |
Carlos Aldana Mendoza. -- |
| 260 2# - PUBLICACIÓN, DISTRIBUCIÓN, ETC. |
| Lugar de publicación, distribución, etc. |
Guatemala : |
| Nombre del editor, distribuidor, etc. |
Universitaria, |
| Fecha de publicación, distribución, etc. |
2012. |
| 300 ## - DESCRIPCIÓN FÍSICA |
| Extensión |
210 p. : |
| Otras características físicas |
il. ; |
| Dimensiones |
23 cm. |
| 490 ## - MENCIÓN DE SERIE |
| Mención de serie |
(Colección: Monografía) |
| 504 ## - NOTA DE BIBLIOGRAFÍA, ETC. |
| Nota de bibliografía, etc. |
Bibliografía: pp. 209-210. -- |
| 520 ## - RESUMEN, ETC. |
| Sumario, etc. |
Este libro constituye una propuesta pedagógica para protagonizar visiones y acciones educativas que contribuyan a transformar el mundo, desde la constitución de un ser humano menos sabio cognitivamente hablando, pero más íntimo y tierno, más científica y políticamente comprometido.<br/><br/>Se trata de que toda la maravilla que ha inventado el ser humano sea también una maravilla para inventar otro ser humano. Es allí donde entra el aporte de la educación, y de la pedagogía como su ciencia específica. Que no abandone el principio innegociable: la humanidad misma. Pero que aproveche lo nuevo, pues en aspectos materiales o tecnológicos no se trata de oponer lo nuevo a lo viejo, sino de combinarlos a favor de la dignidad y el desarrollo del ser humano, individual, social y planetariamente.<br/><br/>Carlos Aldana Mendoza. |
| 650 02 - PUNTO DE ACCESO ADICIONAL DE MATERIA--TÉRMINO DE MATERIA |
| Término de materia o nombre geográfico como elemento de entrada |
Educación |
| Fuente del encabezamiento o término |
LEMB |
| Subdivisión geográfica |
Guatemala |
| 9 (RLIN) |
2144 |
| 650 02 - PUNTO DE ACCESO ADICIONAL DE MATERIA--TÉRMINO DE MATERIA |
| Término de materia o nombre geográfico como elemento de entrada |
Innovaciones educativas |
| Fuente del encabezamiento o término |
LEMB |
| 9 (RLIN) |
2145 |
| 650 02 - PUNTO DE ACCESO ADICIONAL DE MATERIA--TÉRMINO DE MATERIA |
| Término de materia o nombre geográfico como elemento de entrada |
Pedagogía |
| Fuente del encabezamiento o término |
LEMB |
| 9 (RLIN) |
969 |
| 650 02 - PUNTO DE ACCESO ADICIONAL DE MATERIA--TÉRMINO DE MATERIA |
| Término de materia o nombre geográfico como elemento de entrada |
Sociología de la educación |
| 9 (RLIN) |
1212 |
| 942 ## - ELEMENTOS DE ENTRADA SECUNDARIOS (KOHA) |
| Código de la institución [OBSOLETO] |
Biblioteca de Odontología |
| Tipo de ítem Koha |
Libros |
| Suprimir en OPAC |
No |
| Prefijo de la signatura |
370.7 A357 |
| Fuente del sistema de clasificación o colocación |
Clasificación Decimal Dewey |